000 00299nam a22001337a 4500
008 170414b xxu||||| |||| 00| 0 eng d
020 _a9780071599795
041 _aeng
080 _212
_a618
100 _a10
101 _aSHM
245 _aOBSTETRICS GYNECOLOGY
_cSCHNEIDER.K.M
942 _2udc
_cBK
999 _c10819
_d10819